| 000 | 00492nam a2200193 i 4500 | ||
|---|---|---|---|
| 001 | bgj | ||
| 100 | 1 | _aBARNES, Julian | |
| 245 | 1 | 0 |
_aStaring at the Sun / _cJulian Barnes. |
| 260 |
_aNew York : _bAlfred A. Knopf, _c1987. |
||
| 300 |
_a197 pp ; _c22 cm. |
||
| 650 | 9 |
_aWomen _zEngland |
|
| 655 | _aFiction | ||
| 020 | _a0394558219 (hbk, jacket) | ||
| 040 | _cBPK | ||
| 041 | 0 | _aeng | |
| 920 | _a0-394-55821-9 (hbk, jacket) | ||
| 942 | _cKS | ||
| 008 | s uk f |000 0 eng | ||
| 999 |
_c47263 _d47263 |
||
| 856 |
_uhttp://koha.tu.koszalin.pl/cgi-bin/koha/opac-detail.pl?biblionumber=47263 _yKatalog online BPK |
||